ABCD Literature Quiz Stats

 Plays Quiz not verified by Sporcle

Score 0/20 Timer 04:00
1 Play Today
Question Answer Wrong Answers
_____ Psycho
by Bret Easton Ellis
American
92.8%
Big
0.5%
Cold
0.8%
Dead
0.6%
In _____ Blood
by Truman Capote
Cold
92.7%
American
1%
Big
0.4%
Dead
0.6%
Clifford the _____ Red Dog
by Norman Bridwell
Big
92.7%
American
1.3%
Cold
0.2%
Dead
0.4%
Rosencrantz and Guildenstern Are _____
by Tom Stoppard
Dead
90.4%
American
2.5%
Big
0.8%
Cold
0.9%
_____ Little Lies
by Liane Moriarty
Big
90.3%
American
0.7%
Cold
2.7%
Dead
0.9%
The Spy Who Came In from the _____
by John le Carré
Cold
89.8%
American
0.9%
Big
0.2%
Dead
3.8%
The _____ Zone
by Stephen King
Dead
89.2%
American
1.3%
Big
0.7%
Cold
3.2%
Fast Food Nation: The Dark Side of the All-_____ Meal
by Eric Schlosser
American
89.2%
Big
3.4%
Cold
1.3%
Dead
0.8%
Bright Lights, _____ City
by Jay McInerney
Big
89%
American
1.7%
Cold
2.9%
Dead
1.2%
The _____ Sleep
by Raymond Chandler
Big
85.9%
American
1%
Cold
2.9%
Dead
4.7%
Little House in the _____ Woods
by Laura Ingalls Wilder
Big
83.1%
American
4%
Cold
5.1%
Dead
2.3%
_____ Mountain
by Charles Frazier
Cold
82.8%
American
1.6%
Big
6.9%
Dead
2.7%
The Naked and the _____
by Norman Mailer
Dead
82.8%
American
2.2%
Big
0.5%
Cold
9.2%
_____ Gods
by Neil Gaiman
American
81.7%
Big
2.6%
Cold
1.2%
Dead
8.8%
_____ Pastoral
by Philip Roth
American
81.6%
Big
4.3%
Cold
4.6%
Dead
3.9%
_____ Souls
by Nikolai Gogol
Dead
73.1%
American
8.7%
Big
1.8%
Cold
11.1%
The Quiet _____
by Graham Greene
American
72.3%
Big
0.7%
Cold
7.4%
Dead
14.1%
_____ Until Dark
by Charlaine Harris
Dead
72.3%
American
1.1%
Big
0.5%
Cold
20.1%
_____ Comfort Farm
by Stella Gibbon
Cold
69.8%
American
11.5%
Big
11.7%
Dead
1.5%
_____ Sassy Tree
by Olive Ann Burns
Cold
27.3%
American
3.6%
Big
58.4%
Dead
5.4%

You're not logged in!

Compare scores with friends on all Sporcle quizzes.
OR
Log In

Show Comments

Extras

Top Quizzes Today


Score Distribution

Your Account Isn't Verified!

In order to create a playlist on Sporcle, you need to verify the email address you used during registration. Go to your Sporcle Settings to finish the process.

Report this User

Report this user for behavior that violates our Community Guidelines.

Details: